000
00329nam a2200133Ia 4500
008
220216s9999 xx 000 0 und d
100
_a
George K.T.
245
0
_a
Latex thread: Technical upgradation vital
260
_b
Rubber Asia
_c
1988
300
_a
45-48
650
_a
Latex industry
650
_a
Latex thread
942
_c
BS
999
_c
49672
_d
49672